000 00654nam a2200205Ii 4500
003 JO-AjNU
008 230605s9999||||xx |||||||||||||| ||und||
040 _aJO-AjNU
_bara
_erda
_cJO-AjNU
041 _aara
050 1 4 _aZ52.5 m1999
100 3 _aاعداد Catapult ؛ ترجمة مركز التعريب والبرمجة ,
_eauthor
_930178
245 0 0 _aخطوة خطوة =Word 2000
250 _aط1
264 3 1 _aبيروت:الدار العربية للعلوم، 1999
300 _a393ص
336 _atext
_btxt
_2rdacontent
337 _aunmediated
_bn
_2rdamedia
338 _avolume
_bnc
_2rdacarrier
650 4 _aالانترنت
_930179
999 _aA11932
_c15500
_d15500